[Event "Ankara Baskent Univ op 8th"]
[Site "Ankara"]
[Date "2025.07.02"]
[Round "3"]
[White "Celikel, Fatih"]
[Black "Ozcan, Alp Orcun"]
[Result "0-1"]
[WhiteElo "1911"]
[BlackElo "2050"]
[PlyCount "100"]
[EventDate "2025.07.01"]
[EventType "swiss"]
[EventRounds "9"]
[EventCountry "TUR"]
[SourceTitle "CB28_2025"]
[SourceDate "2025.07.09"]
[SourceVersion "1"]
[SourceVersionDate "2025.07.09"]
[SourceQuality "1"]

1. d4 Nf6 2. Nf3 d5 3. c3 e6 4. Bf4 c5 5. e3 Bd6 6. Nbd2 0-0 7. Bd3 Nc6 8. Bg3 h6 9. Ne5 Bxe5 10. dxe5 Nd7 11. Nf3 Qc7 12. 0-0 Ndxe5 13. Kh1 f6 14. Bb1 Qf7 15. Qc2 g5 16. Nxe5 fxe5 17. b4 b6 18. b5 Na5 19. Qe2 e4 20. Bc2 Qg7 21. f3 exf3 22. Rxf3 Rxf3 23. Qxf3 Bd7 24. Rf1 Nc4 25. Be1 Bxb5 26. a4 Ne5 27. Qf6 Bxf1 28. Qxe6+ Qf7 29. Qxe5 Rf8 30. h4 Bxg2+ 31. Kh2 Be4 32. Bxe4 dxe4 33. Bg3 Qf5 34. Qd6 Kh7 35. h5 Rf7 36. Be1 g4 37. Qc6 Qxh5+ 38. Kg1 Qf5 39. Qb5 Qf3 40. Qc4 Qxe3+ 41. Kh2 Rf3 42. Bg3 Qd3 43. Qa2 c4 44. Qg2 Rxg3 45. Qxg3 Qxg3+ 46. Kxg3 e3 47. Kg2 Kg6 48. Kf1 g3 49. a5 bxa5 50. Ke2 g2 0-1

[Event "TUR-ch U18"]
[Site "Belek Antalya"]
[Date "2024.01.23"]
[Round "5"]
[White "Ozcan, Alp Orcun"]
[Black "Kuru, Berkay Goktug"]
[Result "1-0"]
[WhiteElo "1657"]
[BlackElo "1280"]
[PlyCount "49"]
[EventDate "2024.01.21"]
[EventType "swiss"]
[EventRounds "9"]
[EventCountry "TUR"]
[SourceTitle "EXT 2025"]
[Source "ChessBase"]
[SourceDate "2024.10.14"]
[SourceVersion "1"]
[SourceVersionDate "2024.10.14"]
[SourceQuality "1"]

1. e4 e5 2. Nf3 Nf6 3. Nxe5 d6 4. Nf3 Nxe4 5. Nc3 Nxc3 6. dxc3 Be7 7. Be3 0-0 8. Qd2 Nd7 9. h4 Ne5 10. Ng5 c6 11. 0-0-0 Qa5 12. Kb1 Bf5 13. f3 b5 14. g4 Be6 15. b3 Rab8 16. f4 Nxg4 17. Qd3 Nf6 18. Bd4 g6 19. Nxe6 fxe6 20. h5 Kf7 21. hxg6+ hxg6 22. Be2 Rbd8 23. Bxf6 Bxf6 24. Rh7+ Bg7 25. Rg1 1-0